000 00665nam a2200229Ia 4500
003 OSt
005 20221007063235.0
006 a|||||r|||| 00| 0
007 ta
008 221006b |||||||| |||| 00| 0 eng d
024 _a25,432
037 _cReports / Technical Reports
040 _aFLL
_cFLL
_beng
041 _2eng
_aeng
082 _aV2:2:9zqN50:9, J0 6;3
100 _aRamaswamy M.
245 0 _aConstitution of the Indian republic
260 _aBombay
_bOrient Longmans Ltd. India
_c1950
300 _a27p
_ccm.
942 _hV2:2:9zqN50:9, J0 6;3
_cREP
_2CC
999 _c1130779
_d1130779